000 01413cam a22002294a 4500
005 20250605163929.0
008 250528s ||||||||||||||||||||||||d
035 _a14610
020 _a863774512
040 _aGR-AtMCL
_bgre
_dGR-AtMCL
_eAACR2
245 1 _aVisual Perception / Physiology, Psychology, and Ecology
250 _a3rd
260 _bPsychology Press,
_c1997
300 _a434
520 _aDetailed coverage of the ever-growing range of research topics in vision. Preface, The Physiological Basis of Visual Perception, Light and Eyes, The Neurophysiology of the Retina, Visual Pathways in the Brain, Processing Retinal Images, Approaches to the Psychology of Visual Perception, Images and Filters and Features: The Primal Sketch, Perceptual Organization, Perceiving Depth, The Computation of Image Motion, Object Recognition, Connectionist Models of Visual Perception, Visual Information for the Control of Action, Introduction to the Ecological approach to Visual Perception, Visual Guidance of Animal Locomotion, Visual Guidance of Human Action, Theories of the Control of Action, Event Perception, Perception of the Social World, Conclusions, Contrasting Theories of Visual Perception, References, Glossary, Author and Subject Index.
700 1 _aBruce Vicki
_969
700 1 _aGeorgeson Mark A
_970
700 1 _aGreen Patrick
_971
942 _cBK
999 _c234
_d234